000 00450nam a2200157 u 4500
001 000020876
005 20200930011200.0
008 100820s19uu dr r 001 0 spa d
040 _aDO-SdBNP
_bspa
_cBNPHU
082 _axxxx
_bH557g
100 1 _aHernández de Sepúlveda, Daysi
_943749
245 1 0 _aGratos poemas /
_cDaysi Hernández de Sepúlveda.
260 _a[Santo Domingo?] :
_bImpresora Mella.
300 _a20 p. ;
_c16 cm.
049 _aBNPD
999 _c20379
_d20379